Регионална библиотека "Любен Каравелов" - Русе

Превантивна медицина (Запис номер 92606)

MARC детайли
000 -Лидер
Контролно поле с фиксирана дължина 02589nam a2200457 c 4500
003 - Код на организацията, давaща контролен номер
Контролно поле BLK
005 - Дата и час на последна редакция
Контролно поле 20180420225425.0
008 - Елементи от данни с фиксирана дължина
fixed length control field 180408b bul|||||r ||||||| ||bul||
010 ## - Наследен системен номер
LC control number KNG00097392000
020 ## - Международен стандартен номер на книга ISBN
Международен стандартен номер на книга ISBN 978-954-491-548-3
-- издат.: Жанет 45
040 ## - Източник на каталожния запис
Идентификатор на билиотеката - собственик на записа BLK
041 ## - Код за език
Код за езика на текст/звукозапис или на отделно заглавие Български
Код за езика КДБФ Български
072 #7 - Код за тематичната категория
Код организация bullib
Код за тематична категория Н61
Текст Медицина Н
080 ## - УДК
Текстов определител УДК Хигиена на храненето. Режим на храненето. Вж и 612.39 ; 614.3 ; 615.874 ; 641
УДК код - определител по УДК 613.2
УДК определител (02.062)
УДК - код + определител 613.2(02.062)
080 ## - УДК
Текстов определител УДК Въздържание, умереност при храненето като лечебен фактор. Ограничителна диета. Вж и 613. 24/. 25
УДК код - определител по УДК 615.874.1
УДК определител (02.062)
УДК - код + определител 615.874.1(02.062)
080 ## - УДК
Текстов определител УДК Лекарствени средства от растителен произход. Подразделя се със знак за отношение :582; :633/635; :665.3
УДК код - определител по УДК 615.322
УДК определител (02.062)
УДК - код + определител 615.322(02.062)
100 1# - Редна дума - Автор
Автор Димитров - Кео, Стойчо
Авторска отговорност първи автор
R(LIN) 304966
139 ## - Редно поле
Редна дума Димитров, Стойчо
Авторски знак Дими - Д 58
245 10 - Сведения за заглавието
Заглавие Превантивна медицина
Подзаглавни данни Тайните на здравословното хранене
Редно поле (дума) * Стойчо Димитров; Стойчо Димитров - Кео; * Стойчо Димитров Келмитрев.
257 ## - Страна на издаване
Страна на създаване/издаване България
260 ## - Област на издателските данни
-- Пловдив
Име на издателя, разпространителя и проч. Жанет 45
Година на издаване 2009
300 ## - Физическа характеристика
Страници 328 с.
Илюстрации и др. с табл., сх.
Размери/Мащаб 24 см
380 ## - Жанр
Жанр Медицина
500 ## - Общи забележки
Забележка Пълното име на авт. е Стойчо Димитров Келмитрев. - Офс. изд. - Съдържа и Схема на моята закуска ; Холистична превантивна медицина ; Кратък медицински речник. - Библиогр. с. 326-327.
650 #4 - Допълнително описание по предмет – тема
Основно описание – тема или топоним Хранене - хигиена - популярна литература
9 (RLIN) 265881
650 #4 - Допълнително описание по предмет – тема
Основно описание – тема или топоним Лечебно хранене - популярна литература
9 (RLIN) 270777
650 #4 - Допълнително описание по предмет – тема
Основно описание – тема или топоним Храни - състав
9 (RLIN) 253133
650 #4 - Допълнително описание по предмет – тема
Основно описание – тема или топоним Медицински растения
9 (RLIN) 245724
653 ## - Ключова дума – ненормативна
Ключова дума хигиена на храненето
653 ## - Ключова дума – ненормативна
Ключова дума храни
653 ## - Ключова дума – ненормативна
Ключова дума лекарствени растения
653 ## - Ключова дума – ненормативна
Ключова дума лечебно хранене
659 ## - Тематичен бюлетин
Тематичен бюлетин Н
700 1# - Други автори (авторска отговорност)
Лично име Димитров, Стойчо
Автороска отговорност (Описва отношението между автора и произведението) *
9 (RLIN) 304965
700 1# - Други автори (авторска отговорност)
Лично име Келмитрев, Стойчо Димитров
Автороска отговорност (Описва отношението между автора и произведението) *
9 (RLIN) 78093
852 ## - Местоположение
Форматна сигнатура Цб 249306
856 4# - Електронен адрес и достъп
Електронен формат pdf - файл
Път до файла /url/
856 4# - Електронен адрес и достъп
Електронен формат pdf - файл
Път до файла /url/
942 ## - АРТИКУЛИ
Вид на библиотечния материал Книги
Скрит в OPAC Не
944 ## - СЪЗДАВАНЕ И РЕДАКЦИЯ на ЗАПИСА
Създаване/Редакция Създаване
Дата на регистрацията/редакция 15.10.2010
Статус, дата на статуса ф /
Служител, извършил регистрацията/редакцията Людмила_Стоянова
944 ## - СЪЗДАВАНЕ И РЕДАКЦИЯ на ЗАПИСА
Създаване/Редакция Редакция
Дата на регистрацията/редакция 02.12.2010
Статус, дата на статуса ф /
Служител, извършил регистрацията/редакцията
999 ## - СИСТЕМНИ КОНТРОЛНИ НОМЕРА
Koha biblionumber 92606
Koha biblioitemnumber 92606
Наличности
Код за отписване Код за изгубен артикул Код за повреда Коз за рестрикции Код за отдаване Артикулен № Име на библиотеката - собственик Име на библиотеката, в която се намира в момента Статус (Текущо местоположение) Дата на вписване в системата Местоположение - отдел Цена в лева Инвентарен номер Систематично азбучна сигнатура Баркод Номер на екземпляра Цена в евро Служебна бележка Служебен тип на артикула
  Не е изгубен Не е повреден без рестрикции ползва се в читалня 149120 Регионална библиотека "Любен Каравелов" Русе Регионална библиотека "Любен Каравелов" Русе Хранилище 2010-10-18 Хранилище 14.00 120000746602 Цб 249306 120000746602 1 7.16 Дост: Dp Вид: Д N: 6 Дата: 27.01.2010 Книги
Vip Innovations Ltd, Rousse, Bulgaria 2025